| 000 -LEADER |
| fixed length control field |
00395nam a22001457a 4500 |
| 003 - CONTROL NUMBER IDENTIFIER |
| control field |
OSt |
| 005 - DATE AND TIME OF LATEST TRANSACTION |
| control field |
20200810132515.0 |
| 008 - FIXED-LENGTH DATA ELEMENTS--GENERAL INFORMATION |
| fixed length control field |
200810b ||||| |||| 00| 0 eng d |
| 020 ## - INTERNATIONAL STANDARD BOOK NUMBER |
| International Standard Book Number |
0803986327 |
| 082 ## - DEWEY DECIMAL CLASSIFICATION NUMBER |
| Edition number |
22 |
| Classification number |
352.1 |
| Item number |
MOU |
| 100 ## - MAIN ENTRY--PERSONAL NAME |
| Personal name |
Mouritzen, Poul Erik |
| 245 ## - TITLE STATEMENT |
| Title |
Managing cities in austerity : urban fiscal stress in ten western countries |
| 260 ## - PUBLICATION, DISTRIBUTION, ETC. (IMPRINT) |
| Place of publication, distribution, etc |
London |
| Name of publisher, distributor, etc |
Sage |
| Date of publication, distribution, etc |
1992 |
| 942 ## - ADDED ENTRY ELEMENTS (KOHA) |
| Source of classification or shelving scheme |
|